000
00373nam a2200145Ia 4500
008
100122s9999 xx 000 0 und d
082
_b
33959
_a
Nill
100
_a
साळोखे विलास
245
_a
नाती
260
_b
गरु
_
प्रकाशन
_c
1905
300
_a
179
630
_a
नाती
730
_a
नाती
942
_c
BOOK
999
_c
417865
_d
417862